🇵🇱 Gdzie jest ta Żabka? (Szczecin) - Statystyki

Ogólne statystyki
  • Ten quiz został rozwiązany 13 razy
  • Średni wynik to 21 z 40
Statystyki odpowiedzi
Obrazkowy Odpowiedź % Poprawnych
Niepodległości 36
100%
Wyszyńskiego 7
90%
Krzywoustego 66
80%
Piastów 1
80%
Piłsudskiego 31
80%
Plac Żołnierza 1b
80%
Wojska Polskiego 33
80%
Bałuki 4
70%
Boh. Warszawy 11
70%
Felczaka 18
70%
Mieszka I 63-64
70%
Niepodległości 31
70%
Plac Rodła 1-2
70%
Wojska Polskiego 27
70%
Wyzwolenia 29
70%
Wyzwolenia 30
70%
Wyzwolenia 47
70%
Krasińskiego 13
60%
Piłsudskiego 37
60%
Rayskiego 3
60%
Bandurskiego 33
50%
Parkowa 64
50%
Plater 1
50%
Budziszyńska 18
40%
Małkowskiego 26
40%
Metalowa 6
40%
Milczańska 7
40%
Parkowa 5
40%
Szosa Polska 1
40%
Metalowa 32a
30%
Pomorska 58
30%
Zbożowa 4
30%
Żołędziowa 35
30%
Konopnickiej 31a
20%
Łubinowa 75
20%
Robotnicza 15a
20%
Zamiejska 1
20%
Napierskiego 26
10%
Struga 68
10%
Swojska 6a
10%
Nie znaleziono quizów pasujących do podanych kryteriów
Rozkład punktacji
Procent ludzi z każdym wynikiem
Percentyl według liczby udzielonych odpowiedzi
Twoja historia wyników
Nie rozwiązałeś tego quizu